00592nam a22001697a 450000500170000001000150001702000260003203500130005803700130007108200130008410000210009724501030011826000550022127000920027630000300036870000240039820130913144404.0 aENG-108226 a9788628041908c154.00 aEN-91759 bDBAD/PUB a658.4034 aNaidu, S. Mohan 10aQuantitative techniques :cby S. Mohan Naidu [and] M. Bhupathi NaidubMathematics for management / aHyderabadbStudentshelpline Publishing Housec2010 a7-1-276/A/106,Ist Floor, Sai Shayam Sadan,Lingaiah Nagar, S.R. NagarbHyderabade500038 avarious pages c20cm(pbk) aNaidu, M. Bhupathi